000 00350nam a2200145Ia 4500
008 230711s9999||||xx |||||||||||||| ||und||
041 _aENG
082 _bDE-G
100 _aDerek O Brien
245 0 _aGK with derek-1 :-history & geography
250 _a1st . Ed.
260 _c2004
_aNew Delhi
_bPenguin Books
650 _aLiterature
942 _cBK
999 _c4398
_d4398